000 00250nam a2200109Ia 4500
008 190216s9999||||xx |||||||||||||| ||und||
100 _aM R Vijayanathan
245 0 _aMahacharithamala 64
260 _bNull
650 _aJeeva Charithram
942 _cBK
999 _c25591
_d25591